[Event "European Clubs Cup"]
[Site "chess24.com"]
[Date "2018.10.13"]
[Round "2"]
[White "Hewitt, William"]
[Black "Sammalvuo, Tapani"]
[Result "1/2-1/2"]
[WhiteElo "2015"]
[BlackElo "2414"]
[Annotator ""]
[Source ""]
[Remark ""]

1.e4 {[%clk 1:30:55]} e5 {[%clk 1:30:50]} 2.Nf3 {[%clk 1:31:10]}
Nc6 {[%clk 1:31:16]} 3.d4 {[%clk 1:31:23]} exd4 {[%clk 1:31:43]}
4.Nxd4 {[%clk 1:31:48]} Nf6 {[%clk 1:32:03]} 5.Nc3 {[%clk 1:32:12]}
Bb4 {[%clk 1:32:29]} 6.Nxc6 {[%clk 1:32:30]} bxc6 {[%clk 1:32:57]}
7.Bd3 {[%clk 1:32:51]} d5 {[%clk 1:33:23]} 8.exd5 {[%clk 1:33:16]}
O-O {[%clk 1:33:48]} 9.O-O {[%clk 1:33:14]} cxd5 {[%clk 1:34:09]}
10.Bg5 {[%clk 1:33:00]} c6 {[%clk 1:34:36]} 11.Qf3 {[%clk 1:32:20]}
h6 {[%clk 1:35:00]} 12.Bf4 {[%clk 1:24:41]} Re8 {[%clk 1:30:20]}
13.h3 {[%clk 1:22:05]} a5 {[%clk 1:24:44]} 14.Na4 {[%clk 1:09:50]}
Ne4 {[%clk 1:14:02]} 15.c3 {[%clk 0:53:40]} Bf8 {[%clk 1:14:08]}
16.Rfe1 {[%clk 0:43:52]} f5 {[%clk 1:12:06]} 17.c4 {[%clk 0:42:07]}
g5 {[%clk 1:04:50]} 18.cxd5 {[%clk 0:18:47]} gxf4 {[%clk 1:04:47]}
19.dxc6 {[%clk 0:18:43]} Qd4 {[%clk 1:00:40]} 20.Nc3 {[%clk 0:12:40]}
Ba6 {[%clk 0:53:39]} 21.Bxe4 {[%clk 0:08:53]} fxe4 {[%clk 0:54:04]}
22.Nxe4 {[%clk 0:09:09]} Qe5 {[%clk 0:51:40]} 23.Qb3+ {[%clk 0:08:42]}
Kh8 {[%clk 0:51:53]} 24.Rac1 {[%clk 0:08:37]} Rab8 {[%clk 0:48:38]}
25.Qc3 {[%clk 0:04:46]} Bb4 {[%clk 0:46:46]} 26.Qxe5+ {[%clk 0:04:48]}
Rxe5 {[%clk 0:47:14]} 27.Nc3 {[%clk 0:04:52]} Bxc3 {[%clk 0:46:59]}
28.bxc3 {[%clk 0:05:02]} Be2 {[%clk 0:45:00]} 29.Rc2 {[%clk 0:04:26]}
f3 {[%clk 0:45:24]} 30.c7 {[%clk 0:03:07]} Rg8 {[%clk 0:45:44]}
31.c8Q {[%clk 0:01:38]} Rxc8 {[%clk 0:46:08]} 32.gxf3 {[%clk 0:02:01]}
Rg5+ {[%clk 0:44:59]} 33.Kh2 {[%clk 0:02:15]} Rcg8 {[%clk 0:45:17]}
34.Rcxe2 {[%clk 0:02:25]} Rc5 {[%clk 0:42:02]} 35.Re5 {[%clk 0:02:05]}
Rxc3 {[%clk 0:42:25]} 36.Rxa5 {[%clk 0:01:48]} Rxf3 {[%clk 0:42:43]}
37.Re2 {[%clk 0:02:07]} Rg7 {[%clk 0:41:58]} 38.a4 {[%clk 0:02:23]}
Ra3 {[%clk 0:42:25]} 39.Ra6 {[%clk 0:02:40]} Kh7 {[%clk 0:42:32]}
40.Ree6 {[%clk 0:32:42]} Rf7 {[%clk 1:12:26]} 41.Rxh6+ {[%clk 0:32:43]}
Kg7 {[%clk 1:12:54]} 42.Rhg6+ {[%clk 0:31:32]} Kh7 {[%clk 1:13:19]}
43.Rh6+ {[%clk 0:28:16]} 1/2-1/2

[Event "European Clubs Cup"]
[Site "chess24.com"]
[Date "2018.10.14"]
[Round "3"]
[White "Potkin, Vladimir"]
[Black "Virtanen, Antti"]
[Result "1-0"]
[WhiteElo "2597"]
[BlackElo "2262"]
[Annotator ""]
[Source ""]
[Remark ""]

1.e4 {[%clk 1:30:56]} c5 {[%clk 1:30:53]} 2.Nf3 {[%clk 1:31:20]}
e6 {[%clk 1:31:18]} 3.c3 {[%clk 1:30:34]} Nf6 {[%clk 1:31:41]}
4.e5 {[%clk 1:31:00]} Nd5 {[%clk 1:32:06]} 5.Bc4 {[%clk 1:31:21]}
d6 {[%clk 1:32:14]} 6.d4 {[%clk 1:31:43]} cxd4 {[%clk 1:32:36]}
7.cxd4 {[%clk 1:32:08]} Be7 {[%clk 1:32:29]} 8.O-O {[%clk 1:32:31]}
O-O {[%clk 1:32:25]} 9.Qe2 {[%clk 1:32:49]} b6 {[%clk 1:31:58]}
10.Re1 {[%clk 1:14:45]} Bb7 {[%clk 1:25:06]} 11.Qe4 {[%clk 0:56:10]}
dxe5 {[%clk 1:23:40]} 12.dxe5 {[%clk 0:52:32]} Nd7 {[%clk 1:18:33]}
13.Qg4 {[%clk 0:51:59]} Re8 {[%clk 1:10:02]} 14.Bh6 {[%clk 0:48:00]}
Bf8 {[%clk 1:07:41]} 15.Nbd2 {[%clk 0:46:11]} f5 {[%clk 0:44:03]}
16.exf6 {[%clk 0:46:23]} N7xf6 {[%clk 0:44:16]} 17.Qg3 {[%clk 0:46:31]}
Nh5 {[%clk 0:36:41]} 18.Qh3 {[%clk 0:44:27]} Nhf4 {[%clk 0:36:21]}
19.Qg4 {[%clk 0:41:19]} Ng6 {[%clk 0:33:00]} 20.Bg5 {[%clk 0:41:15]}
Qd7 {[%clk 0:30:09]} 21.Nd4 {[%clk 0:35:28]} Nc7 {[%clk 0:21:35]}
22.Nxe6 {[%clk 0:25:55]} Kh8 {[%clk 0:21:58]} 23.h3 {[%clk 0:19:41]}
Bd6 {[%clk 0:21:22]} 24.Nf3 {[%clk 0:13:49]} Nxe6 {[%clk 0:17:32]}
25.Bxe6 {[%clk 0:13:56]} Qb5 {[%clk 0:17:39]} 26.Bf7 {[%clk 0:11:56]}
Rxe1+ {[%clk 0:13:17]} 27.Rxe1 {[%clk 0:12:24]} Bxf3 {[%clk 0:12:44]}
28.Qxf3 {[%clk 0:12:04]} Rf8 {[%clk 0:13:02]} 29.h4 {[%clk 0:06:11]}
h6 {[%clk 0:09:24]} 30.Bxh6 {[%clk 0:04:36]} Ne5 {[%clk 0:07:14]}
31.Qh5 {[%clk 0:04:09]} Rxf7 {[%clk 0:05:33]} 32.Bf4+ {[%clk 0:04:37]}
Kg8 {[%clk 0:05:53]} 33.Bxe5 {[%clk 0:05:05]} Re7 {[%clk 0:05:31]}
34.f4 {[%clk 0:05:16]} Qc5+ {[%clk 0:03:27]} 35.Kh2 {[%clk 0:05:13]}
Qb4 {[%clk 0:03:17]} 36.Rd1 {[%clk 0:04:31]} Re6 {[%clk 0:02:09]}
37.Qf5 {[%clk 0:02:10]} Rxe5 {[%clk 0:02:11]} 38.fxe5 {[%clk 0:02:05]}
Qxh4+ {[%clk 0:02:28]} 39.Qh3 {[%clk 0:02:04]} Bxe5+ {[%clk 0:02:48]}
40.Kh1 {[%clk 0:32:23]} Qxh3+ {[%clk 0:32:41]} 41.gxh3 {[%clk 0:32:51]}
Bxb2 {[%clk 0:33:00]} 42.Rd7 {[%clk 0:32:37]} a5 {[%clk 0:25:08]}
43.Rd6 {[%clk 0:32:56]} a4 {[%clk 0:25:23]} 44.Rxb6 {[%clk 0:33:13]}
a3 {[%clk 0:25:48]} 45.Kg2 {[%clk 0:27:45]} Kh7 {[%clk 0:23:56]}
46.Kf3 {[%clk 0:28:06]} g6 {[%clk 0:18:58]} 47.Kg4 {[%clk 0:27:56]}
Kh6 {[%clk 0:17:42]} 48.Rc6 {[%clk 0:28:21]} Bd4 {[%clk 0:17:30]}
49.Rc4 {[%clk 0:27:39]} Bf6 {[%clk 0:14:50]} 50.Rc5 {[%clk 0:26:39]}
Kg7 {[%clk 0:13:59]} 51.Kf4 {[%clk 0:23:39]} Kh6 {[%clk 0:14:10]}
52.Ke4 {[%clk 0:23:59]} Ba1 {[%clk 0:12:49]} 53.Ra5 {[%clk 0:23:26]}
Bb2 {[%clk 0:13:04]} 54.Kd3 {[%clk 0:22:25]} g5 {[%clk 0:06:22]}
55.Ke2 {[%clk 0:20:52]} Kh5 {[%clk 0:06:29]} 56.Ra4 {[%clk 0:21:07]}
Bc1 {[%clk 0:06:37]} 57.Kf3 {[%clk 0:21:25]} Bb2 {[%clk 0:06:50]}
58.Rg4 {[%clk 0:21:34]} Bc1 {[%clk 0:06:58]} 59.Ke4 {[%clk 0:21:21]}
Bb2 {[%clk 0:05:50]} 60.Kf5 {[%clk 0:21:20]} Bc1 {[%clk 0:06:14]}
61.Rc4 {[%clk 0:20:49]} Bb2 {[%clk 0:06:23]} 62.Rc7 {[%clk 0:20:30]} 1-0

[Event "European Clubs Cup"]
[Site "chess24.com"]
[Date "2018.10.14"]
[Round "3"]
[White "Pulkkinen, Kari"]
[Black "Paravyan, David"]
[Result "0-1"]
[WhiteElo "2239"]
[BlackElo "2629"]
[Annotator ""]
[Source ""]
[Remark ""]

1.e4 {[%clk 1:30:55]} c5 {[%clk 1:30:57]} 2.Nf3 {[%clk 1:31:12]}
d6 {[%clk 1:31:22]} 3.d4 {[%clk 1:31:33]} cxd4 {[%clk 1:31:49]}
4.Nxd4 {[%clk 1:31:46]} Nf6 {[%clk 1:32:15]} 5.Nc3 {[%clk 1:32:09]}
a6 {[%clk 1:32:42]} 6.h3 {[%clk 1:32:22]} h6 {[%clk 1:32:55]}
7.Be3 {[%clk 1:31:05]} e5 {[%clk 1:32:22]} 8.Nb3 {[%clk 1:30:33]}
Be7 {[%clk 1:32:37]} 9.Qf3 {[%clk 1:29:18]} b5 {[%clk 1:33:00]}
10.O-O-O {[%clk 1:28:50]} b4 {[%clk 1:28:38]} 11.Nd5 {[%clk 1:25:19]}
Nxd5 {[%clk 1:27:07]} 12.exd5 {[%clk 1:25:06]} a5 {[%clk 1:24:14]}
13.g4 {[%clk 1:22:58]} a4 {[%clk 1:24:07]} 14.Nc5 {[%clk 1:21:13]}
Ra5 {[%clk 1:19:54]} 15.Nd3 {[%clk 1:09:50]} b3 {[%clk 1:19:27]}
16.a3 {[%clk 1:10:02]} bxc2 {[%clk 1:19:25]} 17.Rd2 {[%clk 1:08:41]}
Na6 {[%clk 1:16:01]} 18.Bg2 {[%clk 0:46:11]} Bb7 {[%clk 1:12:32]}
19.Qe2 {[%clk 0:43:56]} Qa8 {[%clk 1:03:05]} 20.Bb6 {[%clk 0:25:58]}
Bxd5 {[%clk 1:01:35]} 21.Bxa5 {[%clk 0:22:33]} Bxg2 {[%clk 1:02:00]}
22.Rg1 {[%clk 0:21:59]} Bf3 {[%clk 1:02:12]} 23.Qe1 {[%clk 0:22:20]}
O-O {[%clk 0:53:06]} 24.Rxc2 {[%clk 0:21:31]} Qd5 {[%clk 0:53:33]}
25.Qc3 {[%clk 0:15:25]} e4 {[%clk 0:53:58]} 26.Nb4 {[%clk 0:10:34]}
Qxa5 {[%clk 0:54:06]} 27.Nc6 {[%clk 0:10:58]} Bg5+ {[%clk 0:54:22]}
28.Kb1 {[%clk 0:11:21]} Qxc3 {[%clk 0:53:43]} 29.Rxc3 {[%clk 0:11:47]}
Bh4 {[%clk 0:53:42]} 30.Nd4 {[%clk 0:10:57]} Bf6 {[%clk 0:53:46]}
31.Rc4 {[%clk 0:11:02]} d5 {[%clk 0:54:13]} 0-1

[Event "European Clubs Cup"]
[Site "chess24.com"]
[Date "2018.10.14"]
[Round "3"]
[White "Chigaev, Maksim"]
[Black "Issakainen, Ari"]
[Result "1-0"]
[WhiteElo "2599"]
[BlackElo "2185"]
[Annotator ""]
[Source ""]
[Remark ""]

1.e4 {[%clk 1:30:53]} c5 {[%clk 1:30:42]} 2.Nf3 {[%clk 1:31:17]}
e6 {[%clk 1:31:01]} 3.d4 {[%clk 1:31:41]} cxd4 {[%clk 1:31:26]}
4.Nxd4 {[%clk 1:32:05]} a6 {[%clk 1:30:54]} 5.Bd3 {[%clk 1:32:18]}
g6 {[%clk 1:30:40]} 6.O-O {[%clk 1:32:09]} Bg7 {[%clk 1:30:55]}
7.Nf3 {[%clk 1:31:54]} Ne7 {[%clk 1:28:33]} 8.Qe2 {[%clk 1:29:58]}
O-O {[%clk 1:26:44]} 9.Rd1 {[%clk 1:30:05]} Nbc6 {[%clk 1:25:56]}
10.c4 {[%clk 1:28:28]} Qc7 {[%clk 1:20:29]} 11.Nc3 {[%clk 1:28:23]}
d6 {[%clk 1:15:52]} 12.Be3 {[%clk 1:25:38]} Bd7 {[%clk 1:10:55]}
13.Rac1 {[%clk 1:24:15]} Ne5 {[%clk 1:09:32]} 14.Nxe5 {[%clk 1:23:21]}
Bxe5 {[%clk 1:07:44]} 15.Qd2 {[%clk 1:22:41]} Bc6 {[%clk 1:00:17]}
16.Bh6 {[%clk 1:10:36]} Rfe8 {[%clk 0:57:40]} 17.Nd5 {[%clk 1:08:08]}
Qd8 {[%clk 0:55:14]} 18.Ne3 {[%clk 1:06:21]} f5 {[%clk 0:40:30]}
19.Bg5 {[%clk 1:04:37]} fxe4 {[%clk 0:37:24]} 20.Bf1 {[%clk 1:00:47]}
h5 {[%clk 0:27:17]} 21.b4 {[%clk 0:46:52]} Qb8 {[%clk 0:20:29]}
22.b5 {[%clk 0:46:38]} axb5 {[%clk 0:12:17]} 23.cxb5 {[%clk 0:47:03]}
Bd5 {[%clk 0:11:16]} 24.Rc2 {[%clk 0:46:57]} Ra4 {[%clk 0:09:43]}
25.Rdc1 {[%clk 0:46:29]} Rd4 {[%clk 0:07:38]} 26.Qa5 {[%clk 0:45:54]}
b6 {[%clk 0:07:28]} 27.Qa6 {[%clk 0:45:55]} Bb7 {[%clk 0:04:22]}
28.Qxb6 {[%clk 0:45:54]} Nc8 {[%clk 0:03:18]} 29.Qa5 {[%clk 0:45:23]}
d5 {[%clk 0:03:25]} 30.g3 {[%clk 0:45:11]} Nd6 {[%clk 0:02:02]}
31.Ng2 {[%clk 0:44:17]} Qa8 {[%clk 0:02:08]} 32.Qb6 {[%clk 0:44:00]}
Ra4 {[%clk 0:01:13]} 33.Bf4 {[%clk 0:44:06]} Nc8 {[%clk 0:00:58]}
34.Rxc8 {[%clk 0:44:25]} Rxc8 {[%clk 0:01:23]} 35.Qxe6+ {[%clk 0:44:26]}
Kh7 {[%clk 0:00:44]} 36.Bxe5 {[%clk 0:44:49]} Rxc1 {[%clk 0:00:37]}
37.Qf7+ {[%clk 0:45:13]} Kh6 {[%clk 0:01:07]} 38.Bg7+ {[%clk 0:45:18]}
Kg5 {[%clk 0:01:28]} 39.Qf4# {[%clk 0:45:42]} 1-0

[Event "European Clubs Cup"]
[Site "chess24.com"]
[Date "2018.10.14"]
[Round "3"]
[White "Halmeenmaki, Tuomo"]
[Black "Yuffa, Daniil"]
[Result "0-1"]
[WhiteElo "2177"]
[BlackElo "2563"]
[Annotator ""]
[Source ""]
[Remark ""]

1.Nf3 {[%clk 1:30:57]} g6 {[%clk 1:30:16]} 2.g3 {[%clk 1:31:18]}
Bg7 {[%clk 1:30:40]} 3.Bg2 {[%clk 1:31:42]} c5 {[%clk 1:31:01]}
4.O-O {[%clk 1:32:03]} Nc6 {[%clk 1:31:27]} 5.d3 {[%clk 1:32:20]}
Nf6 {[%clk 1:30:16]} 6.e4 {[%clk 1:31:27]} d6 {[%clk 1:30:25]}
7.c3 {[%clk 1:31:20]} O-O {[%clk 1:30:48]} 8.Re1 {[%clk 1:30:25]}
Bg4 {[%clk 1:29:47]} 9.h3 {[%clk 1:29:45]} Bxf3 {[%clk 1:30:11]}
10.Qxf3 {[%clk 1:29:53]} Qc7 {[%clk 1:27:37]} 11.Qe2 {[%clk 1:16:24]}
b5 {[%clk 1:27:07]} 12.Be3 {[%clk 1:15:39]} Nd7 {[%clk 1:23:16]}
13.Nd2 {[%clk 1:10:41]} b4 {[%clk 1:23:30]} 14.Rec1 {[%clk 1:10:50]}
Rab8 {[%clk 1:21:59]} 15.d4 {[%clk 1:05:10]} bxc3 {[%clk 1:07:41]}
16.bxc3 {[%clk 1:05:31]} Rb2 {[%clk 1:04:24]} 17.Qd3 {[%clk 0:50:50]}
Na5 {[%clk 1:00:20]} 18.Nc4 {[%clk 0:49:10]} Nxc4 {[%clk 1:00:18]}
19.Qxc4 {[%clk 0:49:31]} Qa5 {[%clk 0:56:31]} 20.Bf1 {[%clk 0:42:11]}
Nb6 {[%clk 0:53:20]} 21.Qa6 {[%clk 0:41:31]} Qxa6 {[%clk 0:53:19]}
22.Bxa6 {[%clk 0:41:53]} Na4 {[%clk 0:53:45]} 23.e5 {[%clk 0:34:47]}
cxd4 {[%clk 0:52:12]} 24.cxd4 {[%clk 0:35:00]} dxe5 {[%clk 0:52:36]}
25.dxe5 {[%clk 0:23:00]} Bxe5 {[%clk 0:52:58]} 26.Bxa7 {[%clk 0:21:06]}
Nc3 {[%clk 0:51:04]} 27.Re1 {[%clk 0:20:46]} Ra8 {[%clk 0:49:21]}
28.Rxe5 {[%clk 0:20:36]} Rxa7 {[%clk 0:49:38]} 29.Bc4 {[%clk 0:18:56]}
Ra4 {[%clk 0:49:41]} 30.Rc5 {[%clk 0:14:16]} Ne4 {[%clk 0:49:02]}
31.Rb5 {[%clk 0:00:44]} Rxf2 {[%clk 0:48:16]} 32.Bb3 {[%clk 0:01:11]}
Rd4 {[%clk 0:48:04]} 33.Re1 {[%clk 0:00:33]} Rf3 {[%clk 0:48:08]}
34.Bd5 {[%clk 0:00:33]} Rxg3+ {[%clk 0:48:05]} 35.Kh2 {[%clk 0:00:31]}
Rd2+ {[%clk 0:48:20]} 36.Kh1 {[%clk 0:01:00]} Rxh3+ {[%clk 0:48:00]}
37.Kg1 {[%clk 0:01:28]} Rg3+ {[%clk 0:47:58]} 38.Kh1 {[%clk 0:01:52]}
Nd6 {[%clk 0:47:58]} 0-1

[Event "European Clubs Cup"]
[Site "chess24.com"]
[Date "2018.10.14"]
[Round "3"]
[White "Lomasov, Semyon"]
[Black "Lammi, Jyri"]
[Result "1-0"]
[WhiteElo "2540"]
[BlackElo "2099"]
[Annotator ""]
[Source ""]
[Remark ""]

1.e4 {[%clk 1:30:56]} e5 {[%clk 1:30:53]} 2.Nc3 {[%clk 1:31:21]}
Nc6 {[%clk 1:29:25]} 3.Bc4 {[%clk 1:31:31]} Bc5 {[%clk 1:27:29]}
4.Qg4 {[%clk 1:28:25]} Kf8 {[%clk 1:08:45]} 5.Qf3 {[%clk 1:23:54]}
Nf6 {[%clk 1:06:52]} 6.Nge2 {[%clk 1:23:13]} Nd4 {[%clk 0:54:32]}
7.Nxd4 {[%clk 1:23:33]} Bxd4 {[%clk 0:53:47]} 8.Ne2 {[%clk 1:18:50]}
Bb6 {[%clk 0:53:02]} 9.h3 {[%clk 1:06:45]} c6 {[%clk 0:52:28]}
10.d3 {[%clk 1:03:45]} h6 {[%clk 0:49:09]} 11.g4 {[%clk 1:04:00]}
d5 {[%clk 0:43:25]} 12.Bb3 {[%clk 1:04:23]} g5 {[%clk 0:31:14]}
13.Ng3 {[%clk 1:04:27]} Be6 {[%clk 0:26:47]} 14.Be3 {[%clk 1:02:24]}
d4 {[%clk 0:25:41]} 15.Bd2 {[%clk 1:00:48]} Ke7 {[%clk 0:24:14]}
16.Ke2 {[%clk 0:56:36]} Kd7 {[%clk 0:24:25]} 17.Nf5 {[%clk 0:55:43]}
Ne8 {[%clk 0:23:08]} 18.h4 {[%clk 0:52:46]} gxh4 {[%clk 0:22:59]}
19.Rxh4 {[%clk 0:50:55]} Qf6 {[%clk 0:21:43]} 20.Rah1 {[%clk 0:48:44]}
Bxf5 {[%clk 0:18:31]} 21.gxf5 {[%clk 0:49:06]} Nd6 {[%clk 0:17:42]}
22.Rxh6 {[%clk 0:48:20]} Rxh6 {[%clk 0:18:02]} 23.Rxh6 {[%clk 0:48:44]}
Qg7 {[%clk 0:18:19]} 24.Qh5 {[%clk 0:48:28]} Rf8 {[%clk 0:16:45]}
25.Rh7 {[%clk 0:37:43]} Qg8 {[%clk 0:14:58]} 26.Qg6 {[%clk 0:34:09]} 1-0

[Event "European Clubs Cup"]
[Site "chess24.com"]
[Date "2018.10.14"]
[Round "3"]
[White "Kivilahti, Rami"]
[Black "Golubov, Saveliy"]
[Result "0-1"]
[WhiteElo "2057"]
[BlackElo "2476"]
[Annotator ""]
[Source ""]
[Remark ""]

1.e4 {[%clk 1:30:54]} g6 {[%clk 1:30:47]} 2.Nf3 {[%clk 1:30:15]}
Bg7 {[%clk 1:31:05]} 3.Be2 {[%clk 1:27:11]} d6 {[%clk 1:30:56]}
4.d4 {[%clk 1:25:30]} Nf6 {[%clk 1:29:47]} 5.Nc3 {[%clk 1:25:31]}
O-O {[%clk 1:30:07]} 6.O-O {[%clk 1:22:45]} a6 {[%clk 1:29:46]}
7.Bg5 {[%clk 1:12:41]} h6 {[%clk 1:29:29]} 8.Be3 {[%clk 1:05:00]}
b5 {[%clk 1:27:57]} 9.a3 {[%clk 1:02:03]} Bb7 {[%clk 1:27:53]}
10.d5 {[%clk 0:56:31]} c6 {[%clk 1:24:32]} 11.dxc6 {[%clk 0:51:04]}
Nxc6 {[%clk 1:24:40]} 12.Bd3 {[%clk 0:42:52]} Ng4 {[%clk 1:23:48]}
13.Bd2 {[%clk 0:41:02]} Rc8 {[%clk 1:23:22]} 14.Qe2 {[%clk 0:38:39]}
Nge5 {[%clk 1:22:05]} 15.Nxe5 {[%clk 0:35:39]} Nxe5 {[%clk 1:22:26]}
16.f4 {[%clk 0:35:13]} Nc4 {[%clk 1:22:45]} 17.Bxc4 {[%clk 0:35:18]}
Rxc4 {[%clk 1:23:04]} 18.Rae1 {[%clk 0:28:51]} Bxc3 {[%clk 1:21:22]}
19.Bxc3 {[%clk 0:29:12]} Bxe4 {[%clk 1:21:32]} 20.Qd2 {[%clk 0:21:02]}
Qb6+ {[%clk 1:14:50]} 21.Kh1 {[%clk 0:17:55]} Qc6 {[%clk 1:15:04]}
22.Rf2 {[%clk 0:11:03]} f5 {[%clk 1:07:35]} 23.Qe3 {[%clk 0:09:53]}
Rc8 {[%clk 1:07:34]} 24.Qg3 {[%clk 0:04:50]} Kf7 {[%clk 1:07:49]}
25.Qh4 {[%clk 0:04:20]} h5 {[%clk 1:07:13]} 26.Qg5 {[%clk 0:04:29]}
Rxc3 {[%clk 1:06:38]} 27.bxc3 {[%clk 0:04:55]} Qxc3 {[%clk 1:06:54]}
28.Rfe2 {[%clk 0:03:54]} d5 {[%clk 1:06:43]} 29.Re3 {[%clk 0:00:57]}
Qxc2 {[%clk 1:06:29]} 30.h3 {[%clk 0:01:13]} Qb2 {[%clk 1:05:55]}
31.R1e2 {[%clk 0:00:38]} Rc1+ {[%clk 1:04:48]} 32.Kh2 {[%clk 0:00:37]}
Qa1 {[%clk 1:05:16]} 33.Qh6 {[%clk 0:00:32]} Qg7 {[%clk 1:01:41]}
34.Qxg7+ {[%clk 0:00:36]} Kxg7 {[%clk 1:02:10]} 35.Rd2 {[%clk 0:00:43]}
h4 {[%clk 1:02:03]} 36.Ree2 {[%clk 0:00:36]} Kf6 {[%clk 1:02:13]}
37.Rf2 {[%clk 0:00:49]} g5 {[%clk 1:02:23]} 38.fxg5+ {[%clk 0:01:14]}
Kxg5 {[%clk 1:02:45]} 39.Rfe2 {[%clk 0:00:59]} e5 {[%clk 1:03:03]}
40.Ra2 {[%clk 0:30:45]} f4 {[%clk 1:33:01]} 41.Rf2 {[%clk 0:30:35]}
d4 {[%clk 1:32:46]} 42.a4 {[%clk 0:30:33]} b4 {[%clk 1:33:00]}
43.Rab2 {[%clk 0:30:46]} a5 {[%clk 1:32:37]} 0-1

[Event "European Clubs Cup"]
[Site "chess24.com"]
[Date "2018.10.14"]
[Round "3"]
[White "Sammalvuo, Tapani"]
[Black "Gorodetzky, David"]
[Result "1/2-1/2"]
[WhiteElo "2414"]
[BlackElo "2452"]
[Annotator ""]
[Source ""]
[Remark ""]

1.Nf3 {[%clk 1:27:41]} Nf6 {[%clk 1:30:34]} 2.c4 {[%clk 1:28:09]}
e6 {[%clk 1:29:24]} 3.d4 {[%clk 1:28:15]} d5 {[%clk 1:27:53]}
4.Nc3 {[%clk 1:28:06]} dxc4 {[%clk 1:22:57]} 5.e3 {[%clk 1:28:30]}
a6 {[%clk 1:22:53]} 6.a4 {[%clk 1:28:58]} c5 {[%clk 1:19:20]}
7.Bxc4 {[%clk 1:28:15]} Nc6 {[%clk 1:19:41]} 8.O-O {[%clk 1:28:38]}
Be7 {[%clk 1:18:53]} 9.Qe2 {[%clk 1:28:51]} cxd4 {[%clk 1:17:32]}
10.Rd1 {[%clk 1:29:18]} e5 {[%clk 1:14:24]} 11.exd4 {[%clk 1:29:42]}
exd4 {[%clk 1:12:14]} 12.Nxd4 {[%clk 1:30:09]} Nxd4 {[%clk 1:10:39]}
13.Qe5 {[%clk 1:30:36]} Qd6 {[%clk 1:09:24]} 14.Qxd4 {[%clk 1:29:38]}
Qxd4 {[%clk 1:01:36]} 15.Rxd4 {[%clk 1:30:06]} Bc5 {[%clk 1:00:20]}
16.Rd1 {[%clk 1:27:50]} O-O {[%clk 0:57:48]} 17.Bg5 {[%clk 1:28:13]}
Be6 {[%clk 0:54:47]} 18.Bxe6 {[%clk 1:27:32]} fxe6 {[%clk 0:52:20]}
19.Bxf6 {[%clk 1:20:34]} gxf6 {[%clk 0:51:37]} 20.Rd7 {[%clk 1:12:44]}
Rf7 {[%clk 0:43:04]} 21.Rad1 {[%clk 1:08:51]} Raf8 {[%clk 0:32:23]}
22.Ne4 {[%clk 1:08:03]} Bb4 {[%clk 0:29:59]} 23.Kf1 {[%clk 1:01:28]}
Kg7 {[%clk 0:26:05]} 24.R7d4 {[%clk 0:57:58]} a5 {[%clk 0:25:14]}
25.Rc4 {[%clk 0:55:33]} h6 {[%clk 0:16:22]} 26.Nd6 {[%clk 0:53:06]}
Re7 {[%clk 0:16:13]} 27.Nc8 {[%clk 0:49:38]} Ref7 {[%clk 0:14:23]}
28.Nd6 {[%clk 0:47:19]} Re7 {[%clk 0:14:16]} 29.Nc8 {[%clk 0:44:43]}
Ref7 {[%clk 0:13:46]} 30.Ke2 {[%clk 0:43:22]} f5 {[%clk 0:12:39]}
31.Nd6 {[%clk 0:41:33]} Re7 {[%clk 0:12:44]} 32.Nc8 {[%clk 0:41:52]}
Ref7 {[%clk 0:12:07]} 33.Nd6 {[%clk 0:40:19]} Re7 {[%clk 0:09:49]}
34.Nc8 {[%clk 0:39:02]} Ref7 {[%clk 0:09:56]} 35.b3 {[%clk 0:36:04]}
Kg6 {[%clk 0:08:19]} 36.Nb6 {[%clk 0:32:44]} Re8 {[%clk 0:05:21]}
37.f4 {[%clk 0:31:05]} e5 {[%clk 0:03:30]} 38.fxe5 {[%clk 0:31:20]}
Rxe5+ {[%clk 0:03:42]} 39.Kf3 {[%clk 0:31:48]} Kg7 {[%clk 0:02:06]}
40.Rc8 {[%clk 0:56:11]} Rfe7 {[%clk 0:30:47]} 41.Nc4 {[%clk 0:48:17]}
Re2 {[%clk 0:22:47]} 42.Rc7 {[%clk 0:42:44]} Rxc7 {[%clk 0:20:34]}
43.Kxe2 {[%clk 0:43:09]} Re7+ {[%clk 0:18:46]} 44.Kf3 {[%clk 0:43:25]}
Kg6 {[%clk 0:18:16]} 45.Rd5 {[%clk 0:40:43]} Re1 {[%clk 0:16:04]}
46.Nxa5 {[%clk 0:34:40]} Rb1 {[%clk 0:16:10]} 47.Nxb7 {[%clk 0:34:41]}
Rxb3+ {[%clk 0:15:52]} 48.Kf4 {[%clk 0:30:35]} Ra3 {[%clk 0:11:45]}
49.a5 {[%clk 0:30:14]} Ra2 {[%clk 0:10:35]} 50.Rb5 {[%clk 0:26:35]}
Bd2+ {[%clk 0:07:55]} 51.Kf3 {[%clk 0:23:43]} Ra3+ {[%clk 0:07:19]}
52.Ke2 {[%clk 0:23:56]} Ra2 {[%clk 0:07:47]} 53.Kd3 {[%clk 0:21:51]}
Bxa5 {[%clk 0:07:29]} 54.Nxa5 {[%clk 0:17:34]} Rxg2 {[%clk 0:07:50]}
55.Nc6 {[%clk 0:16:37]} Rxh2 {[%clk 0:07:50]} 56.Ne5+ {[%clk 0:16:46]}
Kf6 {[%clk 0:07:20]} 57.Nf3 {[%clk 0:17:11]} Ra2 {[%clk 0:06:39]}
58.Rb6+ {[%clk 0:16:32]} Ke7 {[%clk 0:06:16]} 59.Kd4 {[%clk 0:16:17]}
f4 {[%clk 0:05:35]} 60.Ke4 {[%clk 0:16:03]} h5 {[%clk 0:04:44]}
61.Kf5 {[%clk 0:15:38]} Ra5+ {[%clk 0:03:52]} 62.Kxf4 {[%clk 0:15:57]}
h4 {[%clk 0:03:53]} 63.Ne5 {[%clk 0:16:12]} Ra1 {[%clk 0:04:09]}
64.Nc6+ {[%clk 0:15:38]} Kd7 {[%clk 0:03:20]} 65.Ne5+ {[%clk 0:16:06]}
Ke7 {[%clk 0:03:39]} 66.Ng6+ {[%clk 0:16:12]} Kd7 {[%clk 0:03:55]}
67.Nxh4 {[%clk 0:16:38]} Ra4+ {[%clk 0:03:25]} 68.Kg5 {[%clk 0:17:06]}
Ra1 {[%clk 0:03:31]} 69.Nf5 {[%clk 0:17:32]} Rg1+ {[%clk 0:03:27]}
70.Kf6 {[%clk 0:17:59]} Rf1 {[%clk 0:03:44]} 71.Rd6+ {[%clk 0:17:43]}
Kc7 {[%clk 0:04:07]} 72.Rd3 {[%clk 0:17:49]} Kc6 {[%clk 0:03:20]}
73.Ke6 {[%clk 0:17:45]} Re1+ {[%clk 0:03:16]} 74.Ne3 {[%clk 0:18:13]}
Kc5 {[%clk 0:03:23]} 75.Kd7 {[%clk 0:18:03]} Rh1 {[%clk 0:02:19]}
76.Rd5+ {[%clk 0:18:25]} Kb4 {[%clk 0:02:39]} 77.Rd6 {[%clk 0:18:18]}
Kb5 {[%clk 0:02:43]} 78.Rd5+ {[%clk 0:18:14]} Kb4 {[%clk 0:03:06]}
79.Nf5 {[%clk 0:18:37]} Rg1 {[%clk 0:02:08]} 80.Nd6 {[%clk 0:18:47]}
Rg7+ {[%clk 0:01:42]} 81.Kc6 {[%clk 0:19:14]} Rg6 {[%clk 0:01:39]}
82.Rh5 {[%clk 0:19:04]} Rg1 {[%clk 0:01:22]} 83.Rh4+ {[%clk 0:19:29]}
Kb3 {[%clk 0:01:26]} 84.Nb5 {[%clk 0:19:56]} Rg6+ {[%clk 0:01:37]}
85.Kc5 {[%clk 0:20:23]} Rg5+ {[%clk 0:01:54]} 86.Kb6 {[%clk 0:20:52]}
Rg8 {[%clk 0:01:22]} 87.Nd6 {[%clk 0:21:09]} Rg6 {[%clk 0:01:39]}
88.Kc6 {[%clk 0:21:31]} Kc3 {[%clk 0:01:52]} 89.Rf4 {[%clk 0:21:46]}
Rh6 {[%clk 0:00:56]} 90.Kc5 {[%clk 0:22:03]} Rh5+ {[%clk 0:01:12]}
91.Nf5 {[%clk 0:22:30]} Kd3 {[%clk 0:01:23]} 92.Kd5 {[%clk 0:22:57]}
Rg5 {[%clk 0:01:06]} 93.Ke5 {[%clk 0:22:54]} Rg8 {[%clk 0:00:44]}
94.Rf3+ {[%clk 0:23:15]} Ke2 {[%clk 0:00:47]} 95.Nd4+ {[%clk 0:23:42]}
Kd2 {[%clk 0:01:08]} 96.Rh3 {[%clk 0:23:28]} Re8+ {[%clk 0:01:14]}
97.Ne6 {[%clk 0:23:56]} Ke2 {[%clk 0:01:28]} 98.Kd5 {[%clk 0:24:03]}
Kf2 {[%clk 0:01:41]} 99.Rh2+ {[%clk 0:24:10]} Ke3 {[%clk 0:01:17]}
100.Rh7 {[%clk 0:24:38]} Kd2 {[%clk 0:00:52]} 101.Rh3 {[%clk 0:24:29]}
Ra8 {[%clk 0:01:00]} 102.Rg3 {[%clk 0:24:33]} Ra7 {[%clk 0:00:47]}
103.Nc5 {[%clk 0:24:51]} Ra8 {[%clk 0:00:56]} 104.Kc4 {[%clk 0:23:43]}
Rc8 {[%clk 0:01:17]} 105.Rg2+ {[%clk 0:23:05]} Ke3 {[%clk 0:01:32]}
106.Rc2 {[%clk 0:23:32]} Kf3 {[%clk 0:01:26]} 107.Rc3+ {[%clk 0:24:00]}
Ke2 {[%clk 0:01:18]} 108.Kb3 {[%clk 0:24:24]} Rb8+ {[%clk 0:01:16]}
109.Kc2 {[%clk 0:24:49]} Rc8 {[%clk 0:01:04]} 110.Kc1 {[%clk 0:25:17]}
Rd8 {[%clk 0:00:53]} 111.Rc4 {[%clk 0:25:41]} Rc8 {[%clk 0:00:52]}
112.Kc2 {[%clk 0:26:09]} Kf3 {[%clk 0:00:56]} 113.Kd2 {[%clk 0:26:33]}
Rc6 {[%clk 0:00:47]} 114.Ke1 {[%clk 0:26:57]} Rc8 {[%clk 0:00:41]}
115.Rc3+ {[%clk 0:27:24]} Kg4 {[%clk 0:00:57]} 116.Kf2 {[%clk 0:27:53]}
Kf5 {[%clk 0:01:03]} 117.Ne4 {[%clk 0:27:57]} Rxc3 {[%clk 0:01:26]}
118.Nxc3 {[%clk 0:27:57]} 1/2-1/2